000
00205nam a22001097a 4500
041
_a
eng
080
_a
80
100
_a
Drutschkiw, N.
245
_a
Deutsch im Spiel 1.
650
_a
German
999
_c
282406
_d
282406
942
_c
BK